000 00527nam a22001817a 4500
999 _c173633
_d173633
005 20200304105528.0
010 _aENG-127965
020 _a978933350579244
_c150.00
035 _aEN-111497
037 _bDBAD/PUB
082 _a616.97
100 _aSethi,A K
245 _aWhat is Allergy/
_cby A K Sethi
260 _aNew Delhi
_bV & S Publishers
_c2017
270 _a2/16, Ansari Road,Daryaganj
_bNew Delhi
_e110002
_minfo@vspublishers.com
300 _a48p.
_c24cm(pbk)
942 _2ddc
_cEN
_h616.97
_mSET